|
|
|
|
| LEADER |
01616cas a2200241 a 4500 |
| 001 |
AALejournalIMF019607 |
| 008 |
230101c9999 xx r poo 0 0eng d |
| 020 |
|
|
|c 5.00 USD
|
| 020 |
|
|
|z 9781498332026
|
| 022 |
|
|
|a 2663-3493
|
| 040 |
|
|
|a BD-DhAAL
|c BD-DhAAL
|
| 110 |
2 |
|
|a International Monetary Fund.
|
| 245 |
1 |
0 |
|a Methodology for CGER Exchange Rate Assessments.
|
| 264 |
|
1 |
|a Washington, D.C. :
|b International Monetary Fund,
|c 2006.
|
| 300 |
|
|
|a 1 online resource (40 pages)
|
| 490 |
1 |
|
|a Policy Papers
|
| 500 |
|
|
|a <strong>Off-Campus Access:</strong> No User ID or Password Required
|
| 500 |
|
|
|a <strong>On-Campus Access:</strong> No User ID or Password Required
|
| 506 |
|
|
|a Electronic access restricted to authorized BRAC University faculty, staff and students
|
| 520 |
3 |
|
|a Exchange rate surveillance has always been at the core of the IMF's responsibilities. Throughout its existence, the Fund has strived to strengthen its framework for assessing exchange rates, adapting it to underlying macroeconomic and financial developments in member countries. As part of this mandate, since the mid-1990s the Consultative Group on Exchange Rate Issues (CGER) has provided exchange rate assessments for a number of advanced economies from a multilateral perspective, with the aim of informing the country-specific analysis of Article IV Staff Reports and fostering multilateral consistency.
|
| 538 |
|
|
|a Mode of access: Internet
|
| 830 |
|
0 |
|a Policy Papers; Policy Paper ;
|v No. 2006/045
|
| 856 |
4 |
0 |
|z Full text available on IMF
|u http://elibrary.imf.org/view/journals/007/2006/045/007.2006.issue-045-en.xml
|z IMF e-Library
|